000 00671nam a2200253Ia 4500
003 OSt
005 20220924115757.0
006 a|||||r|||| 00| 0
007 ta
008 220923b |||||||| |||| 00| 0 urd d
020 _c50
024 _a273460
037 _cTextual
040 _aARTS
_cARTS
_burd
041 _2urd
_aurd
082 _aO168,3N301,1, M8
100 _aSurender Prakash Au.
245 0 _aBaazgot
260 _aDelhi
_bEducational publishing house India
_c1988
300 _a203p.
_ccm.
650 _aURDU FICTION
_93298
942 _hO168,3N301,1, M8
_cTEXL
_2CC
999 _c399840
_d399840